书目信息 |
| 题名: |
现代电气控制及PLC应用技术
|
|
| 作者: | 王永华 主编 | |
| 分册: | ||
| 出版信息: | 北京 北京航空航天大学出版社 2008 |
|
| 页数: | 10,408页 | |
| 开本: | 26cm | |
| 丛书名: | ||
| 单 册: | ||
| 中图分类: | TM571.2 , TM571.6 | |
| 科图分类: | ||
| 主题词: | 电气控制--高等学校--教材 , 可编程序控制器--高等学校--教材 , 电气控制 , 可编程序控制器 | |
| 电子资源: | ||
| ISBN: | 978-7-81077-908-1 | |
| 000 | 00941nam0 2200289 45 | |
| 001 | 1355737718 | |
| 005 | 20130515172936.84 | |
| 010 | @a978-7-81077-908-1@dCNY36.00 | |
| 100 | @a20130108d2008 em y0chiy0110 ea | |
| 101 | 0 | @achi |
| 102 | @aCN@b110000 | |
| 105 | @ay z 000yy | |
| 106 | @ar | |
| 200 | 1 | @a现代电气控制及PLC应用技术@AXian Dai Dian Qi Kong Zhi Ji PLC Ying Yong Ji Shu@f王永华编著@FWang Yong Hua Bian Zhu |
| 205 | @a2版 | |
| 210 | @a北京@c北京航空航天大学出版社@d2008 | |
| 215 | @a10,408页@c图@d26cm | |
| 330 | @a本书讲解了继电接触式控制系统和可编程序控制器控制系统的工作原理、设计方法和实际应用。 | |
| 606 | 0 | @a电气控制@x高等学校@j教材 |
| 606 | 0 | @a可编程序控制器@x高等学校@j教材 |
| 606 | 0 | @a电气控制 |
| 606 | 0 | @a可编程序控制器 |
| 690 | @aTM571.2@v5 | |
| 690 | @aTM571.6@v5 | |
| 701 | 0 | @a王永华@AWang Yong Hua@f(1943~)@4主编 |
| 801 | @aCN@bTANGWEI@c20130112 | |
| 905 | @b0832230-34@dTM571.2@e36=2@f5 | |
| 现代电气控制及PLC应用技术/王永华编著.-2版.-北京:北京航空航天大学出版社,2008 |
| 10,408页:图;26cm |
| ISBN 978-7-81077-908-1:CNY36.00 |
| 本书讲解了继电接触式控制系统和可编程序控制器控制系统的工作原理、设计方法和实际应用。 |
| ● |
| 相关链接 |
|
|
|
|
正题名:现代电气控制及PLC应用技术
索取号:TM571.2/36=2
 
预约/预借
| 序号 | 登录号 | 条形码 | 馆藏地/架位号 | 状态 | 备注 |
| 1 | 0832230 | 208322304 | 第二样本阅览室/ [索取号:TM571.2/36=2] | 在馆 | |
| 2 | 0832231 | 208322313 | 第三借阅区/ [索取号:TM571.2/36=2] | 在馆 | |
| 3 | 0832232 | 208322322 | 第三借阅区/ [索取号:TM571.2/36=2] | 在馆 | |
| 4 | 0832233 | 208322331 | 第三借阅区/ [索取号:TM571.2/36=2] | 在馆 | |
| 5 | 0832234 | 208322340 | 第三借阅区/ [索取号:TM571.2/36=2] | 在馆 |